000 00422nam a22001697a 4500
003 CEME
005 20210628202710.0
008 210203b xxu||||| |||| 00| 0 eng d
020 _a0-697-27798-4
040 _c.
082 _a004.16 ERI
100 _aErickson, Fritz J Vonk, John A
_961137
245 _aModern microcomputers
260 _aLONDON
_bIRWIN
_c1996
650 _aMICRO COMPUTERS
_961138
942 _cBK
_2ddc
999 _c570690
_d570690